000 00711cab a2200241 4500
001 WB2823-42
008 090401t1992 xxu||||| |||| 00| 0 eng d
035 _a(Sirsi) u33143
041 _aeng
245 _aFood from Britain calls for orchard aid
260 _c1992
350 _a0
490 _aFinancial Times
_v5 June 1992, 30(1)
520 _aA Food from Britain report calls for government aid to help British orchards to expand and increase production to meet UK demand.
650 _aFARM DIVERSIFICATION
650 _aFOOD FROM BRITAIN
650 _aFOOD PRODUCTION
650 _aFRUIT PRODUCTION
650 _aORCHARDS
690 _aRURAL PRACTICE
942 _n0
948 _c04/03/1997
999 _c22156
_d22156